000 nam a22 a 4500
999 _c190373
_d190373
003 BLK
005 20210811091238.0
008 180411b bul|||||r ||||||| ||bul||
010 _aKNG00199514000
040 _aBLK
041 _aBUL
_cBUL
072 7 _2bullib
_aА
_xФонд Михаил Арнаудов
080 _aБългарска литература
_b821.163.2
_x(081.1)
_z821.163.2(081.1)
080 _aБългарска литература
_b821.163.2
_x-1
_z821.163.2-1
100 1 _aВазов, Иван Минчов
_eпърви автор
_9363396
139 _aВазов, Иван Минчов
_bВ 15
245 1 0 _aПълно събрание съчиненията
_bТ. 1 - 8
_cИван Минчов Вазов.
_nТ. 4
_pПоеми : Грамада ; Моята съседка Гмитра ; Зихра ; Загорка ; В царството на самодивите ; Кихавицата на Салюста ; Синайска роза
257 _aBGR
260 _bАлександър Паскалев и сие
_c1911 -
_fСофия : Царска придворна печ. Ив. Кадела
300 _c21 см
_a184 с
380 _aX
490 _9396381
_aЧастна колекция - Академик Михаил Арнаудов
_gДарение - Основен фонд
659 _aА
760 1 _aВазов, Иван Минчов
_d1914
_h183 с., 10 л. : ил.
_nФонд Михаил Арнаудов - Мека подв., неразрязана
_tТ. 4 Поеми
852 _aЦб 8.210.2900
_bО
852 _aМА 1042
856 4 _qpdf
856 4 _qpdf
942 _cKNG
_n0
_s1
944 _aCR
_c30.01.2017
_kГеновева_Генчева
944 _aED
_c01.02.2017
_kГеновева_Генчева
999 _d190373
999 _d190373